| 000 | 00340nam a2200133Ia 4500 | ||
|---|---|---|---|
| 008 | 220204s9999 xx 000 0 und d | ||
| 020 | _a0070583706 | ||
| 082 |
_a681.2:621.38 _bKAL |
||
| 100 | _aKalsi, H S | ||
| 245 | 0 | _aElectronic instrumentation | |
| 250 | _aEd.2 | ||
| 260 |
_aNew Delhi _bTata McGraw-Hill Publishing _c2004 |
||
| 942 | _cBK | ||
| 999 |
_c42640 _d42640 |
||